00607nam a2200205 a 450000100060000000300090000600800410001502000150005604000280007108200170009910000260011624500360014226000360017830000100021465000670022465000250029165000220031665000440033865000190038210076CO-ViMGA141112s2004 ck r 000 u spa d a9706370528 aCO-ViMGAbspacCO-ViMGA04a355.033 B6461 aBlechman ; Barry M., 10aPolítica y Seguridad Nacional aMexico : bGeernika S.A, c1996 a374p.14aCONGRESO Y LA Política DE DEFENSA DESDE LA GUERRA DE VIETNAM14aOPERACIONES SECRETAS14aPODERES DE GUERRA14aPRESUPUESTO MILITAR Y LA ADMINISTRACION14aVENTA DE ARMAS